Redescription of Tityus (Tityus) gaffini Lourenco, 2000 (Scorpiones: Buthidae) and new locality records (Registro nro. 13592)

Detalles MARC
000 -CABECERA
Campo de control 005100000a22001570004500
090 ## - CLASIFICACIÓN LOCAL
Colección AR
Consecutivo 04493
041 0# - IDIOMA
Código de idioma para texto/pista de sonido o título separado
044 ## - PAÍS DE PUBLICACIÓN
País de publicación
100 1# - ASIENTO PRINCIPAL--NOMBRE PERSONAL
Nombre personal Botero Trujillo, Ricardo
245 10 - MENCION DE TITULO
Título Redescription of Tityus (Tityus) gaffini Lourenco, 2000 (Scorpiones: Buthidae) and new locality records
773 1# - Item fuente:
Título Revista Ibérica de Aracnología
Descripción física 30
Paginas del Articulo 29-34
Lugar, editorial y fecha de publicación 2007
Información sobre la relación 16
942 ## - ELEMENTOS ADICIONALES (KOHA)
Tipo de ítem Artículo
Existencias
Withdrawn status Lost status Damaged status No para préstamo Colección Ubicación Permanente Ubicación actual Fecha de adquisición Datos de publicación Seriada Total Checkouts Número topográfico Inventario / Código de Barras Date last seen Price effective from Tipo de material
      No para Préstamo Hemeroteca Bogotá Bogotá 16/03/2009 Fuera de circulación   AR 04493 026695 25/03/2015 25/03/2015 Artículo